Lettres à la princesse / (Record no. 173042)
[ view plain ]
| 000 -LEADER | |
|---|---|
| campo de control de longitud fija | 00507nam a22001575i 4500 |
| 001 - NÚMERO DE CONTROL | |
| campo de control | 173042 |
| 003 - IDENTIFICADOR DE NÚMERO DE CONTROL | |
| campo de control | ES-MaACL |
| 005 - FECHA Y HORA DE LA ÚLTIMA TRANSACCIÓN | |
| campo de control | 20251005063134.0 |
| 008 - DATOS DE LONGITUD FIJA--INFORMACIÓN GENERAL | |
| campo de control de longitud fija | 091019s1873 fr |||| | fre d |
| 100 1# - ENTRADA PRINCIPAL--NOMBRE DE PERSONA | |
| Nombre de persona | Sainte-Beuve, Charles-Augustin, |
| Fechas asociadas al nombre | 1804-1869 |
| 9 (RLIN) | 162958 |
| 245 10 - MENCIÓN DEL TÍTULO | |
| Título | Lettres à la princesse / |
| Mención de responsabilidad, etc. | Charles-Agustin Sainte-Beuve. |
| 260 ## - PUBLICACIÓN, DISTRIBUCIÓN, ETC. | |
| Lugar de publicación, distribución, etc. | Paris : |
| Nombre del editor, distribuidor, etc. | Michel Lévy Frères, |
| Fecha de publicación, distribución, etc. | 1873 ( |
| Fabricante | Imp. J. Clavé) |
| 300 ## - DESCRIPCIÓN FÍSICA | |
| Extensión | III, 367 p. ; |
| Dimensiones | 18 cm. |
| 852 ## - LOCALIZACIÓN | |
| Ubicación | ES-MaACL |
| Número de control de estantería | G-15895 |
| Estatus retirado | Estado de pérdida | Estado de daño | No para préstamo | Colección | Biblioteca de origen | Biblioteca actual | Ubicación en estantería | Fecha de adquisición | Fuente de adquisición | Total de préstamos | Signatura topográfica completa | Código de barras | Visto por última vez | Precio de reemplazo | Tipo de ítem Koha |
|---|---|---|---|---|---|---|---|---|---|---|---|---|---|---|---|
| Libros del s. XIX | Biblioteca del Ateneo de Madrid | Biblioteca del Ateneo de Madrid | Sala Pecera Planta 3 | 19/10/2009 | G-15895 | 1181573 | 23/02/2023 | 23/02/2023 | Libro impreso antiguo |
